La science sociale

Tallennettuna:
Bibliografiset tiedot
Päätekijä: Comte, Auguste
Aineistotyyppi: Kirja
Kieli:Undetermined
Julkaistu: Paris Gallimard 1972
Aiheet:
Tagit: Lisää tagi
Ei tageja, Lisää ensimmäinen tagi!
Thư viện lưu trữ: Trung tâm Học liệu Trường Đại học Cần Thơ
LEADER 00479nam a2200193Ia 4500
001 CTU_89811
008 210402s9999 xx 000 0 und d
082 |a 300 
082 |b C741 
100 |a Comte, Auguste 
245 0 |a La science sociale 
245 0 |c Auguste Comte 
260 |a Paris 
260 |b Gallimard 
260 |c 1972 
650 |a Social sciences 
650 |x Collected works 
904 |i Mai Loan 
980 |a Trung tâm Học liệu Trường Đại học Cần Thơ